Accounting: (Record no. 16)
[ view plain ]
| 000 -LEADER | |
|---|---|
| fixed length control field | 01028nam a2200253Ia 4500 |
| 003 - CONTROL NUMBER IDENTIFIER | |
| control field | OSt |
| 005 - DATE AND TIME OF LATEST TRANSACTION | |
| control field | 20230807160251.0 |
| 008 - FIXED-LENGTH DATA ELEMENTS--GENERAL INFORMATION | |
| fixed length control field | 221001s9999||||xx |||||||||||||| ||und|| |
| 020 ## - INTERNATIONAL STANDARD BOOK NUMBER | |
| International Standard Book Number | 0-07-281950-2 |
| 040 ## - CATALOGING SOURCE | |
| Transcribing agency | Chuka University Library |
| 050 ## - LIBRARY OF CONGRESS CALL NUMBER | |
| Classification number | HF 5635 |
| Item number | .A58 2004 |
| 100 ## - MAIN ENTRY--PERSONAL NAME | |
| Personal name | Anthony, Robert N. |
| 9 (RLIN) | 33 |
| 245 #0 - TITLE STATEMENT | |
| Title | Accounting: |
| Remainder of title | text and cases |
| Statement of responsibility, etc. | Robert N. Anthony, David F. Hawkins, Kenneth A. Merchant |
| 250 ## - EDITION STATEMENT | |
| Edition statement | 11th edition |
| 260 ## - PUBLICATION, DISTRIBUTION, ETC. | |
| Place of publication, distribution, etc. | Boston: |
| Name of publisher, distributor, etc. | McGraw Hill |
| Date of publication, distribution, etc. | 2004. |
| 300 ## - PHYSICAL DESCRIPTION | |
| Extent | xxvi, 975 pages |
| Dimensions | 26 cm |
| Other physical details | Illustrated |
| 500 ## - GENERAL NOTE | |
| General note | Includes indexes |
| 520 ## - SUMMARY, ETC. | |
| Summary, etc. | A 28 chapter book written to cover both financial and managerial accounting followed by managerial issues. The chapters 1-14 cover financial accounting, while chapters 15-21 cover management accounting, and chapters 22-28 focus on issues of control and corporate strategy. |
| 650 ## - SUBJECT ADDED ENTRY--TOPICAL TERM | |
| Topical term or geographic name entry element | Accounting |
| 9 (RLIN) | 34 |
| 650 ## - SUBJECT ADDED ENTRY--TOPICAL TERM | |
| Topical term or geographic name entry element | Accounting |
| 9 (RLIN) | 40 |
| General subdivision | Case studies |
| 700 ## - ADDED ENTRY--PERSONAL NAME | |
| Personal name | Hawkins, David F. |
| 9 (RLIN) | 41 |
| 700 ## - ADDED ENTRY--PERSONAL NAME | |
| Personal name | Merchant, Kenneth A. |
| 9 (RLIN) | 42 |
| 942 ## - ADDED ENTRY ELEMENTS (KOHA) | |
| Koha item type | Long Loan Books |
| Source of classification or shelving scheme | Library of Congress Classification |
| Koha issues (borrowed), all copies | 11 |
| Withdrawn status | Lost status | Source of classification or shelving scheme | Damaged status | Not for loan | Collection | Home library | Current library | Shelving location | Date acquired | Total Checkouts | Total Renewals | Full call number | Barcode | Date last seen | Date last checked out | Copy number | Price effective from | Koha item type |
|---|---|---|---|---|---|---|---|---|---|---|---|---|---|---|---|---|---|---|
| Library of Congress Classification | General Collection Books | Main Campus Library | Main Campus Library | General Stacks | 04/10/2022 | 5 | 1 | HF 5635 .A58 2004 | 3996/2009 | 17/10/2022 | 04/10/2022 | 2 | 04/10/2022 | Long Loan Books | ||||
| General Collection Books | Main Campus Library | Main Campus Library | General Stacks | 04/10/2022 | 6 | 4 | HF 5635 .A58 2004 | 3995/2009 | 18/10/2022 | 17/10/2022 | 04/10/2022 | Long Loan Books |
